000 01478nam a2200349Ia 4500
001 vtls003235961
003 MY-SjTCS
005 20200226112803.0
006 m u
007 cr cn|||||||||
008 120815s2005 maua sb 001 0 eng d
020 _z0080454224
020 _z0124730515
035 _a(CaPaEBR)ebr10138401
039 9 _a201208151755
_bwilmina
_y201208151659
_zwilmina
050 1 4 _aRA1059
_b.C66 2005eb
245 0 0 _aComputer-graphic facial reconstruction
_h[electronic resource] /
_c[edited by] John G. Clement and Murray K. Marks.
260 _aBurlington, MA :
_bElsevier Academic Press,
_cc2005.
300 _a1 online resources (xviii, 390 p. : ill. (some col.))
504 _aIncludes bibliographical references and index.
533 _aElectronic reproduction.
_bPalo Alto, Calif. :
_cebrary,
_d2009.
_nAvailable via World Wide Web.
_nAccess may be limited to ebrary affiliated libraries.
650 0 _aForensic osteology.
650 0 _aFacial reconstruction (Anthropology)
_983803
650 0 _aForensic anthropology.
650 0 _aHuman face recognition (Computer science)
650 0 _aDead
_vIdentification.
650 0 _aElectronic books.
700 1 _aClement, John G.
700 1 _aMarks, Murray K.
710 2 _aebrary, Inc.
_925628
856 4 0 _uhttps://ezproxy.taylors.edu.my/login?url=http://site.ebrary.com/lib/taylorscollege/Doc?id=10138401
_zAn electronic book accessible through the World Wide Web; click to view
999 _c99223